Vincitrici UEFA Champions League senza perdere almeno una finale - Statistics

Statistiche generali
  • Questo quiz è stato fatto 60 volte
  • Il punteggio medio è 4 su 6
Statistiche sulle risposte
Hint Risposta % Corretto
2 Nottingham Forest
87%
2 Porto
75%
1 Stella Rossa
72%
1 Aston Villa
66%
1 PSV
57%
1 Feyenoord
53%
Nessun quiz corrispondente trovato
Distribuzione punteggi
Percentuale di utenti per punteggio
Percentile per numero di risposta
I tuoi punteggi nel tempo
Non hai fatto questo quiz